Paroles Oui mais non - Mylène FARMER - Statistiques

Statistiques générales
  • Ce quiz a été pris 96 fois
    94 depuis la dernière actualisation
  • Le résultat moyen est 299 sur 476
Statistiques - réponses
Réponse % Correct
ou
97%
mais
96%
non
95%
Ne
93%
la
92%
La
92%
le
91%
Le
91%
oui
91%
de
89%
plus
89%
dis
87%
a
84%
à
84%
ah-ha
84%
mon
84%
jamais
83%
et
79%
Et
79%
Tout
79%
tout
79%
dit
78%
du
76%
Du
76%
c'est
74%
C'est
74%
pas
71%
est
68%
me
68%
se
68%
que
67%
coeur
64%
nous
64%
au
63%
monde
63%
on
63%
beau
61%
sous
61%
devient
59%
dos
59%
fou
59%
elle
58%
L'amour
58%
x
58%
X
58%
les
57%
rend
57%
vie
57%
bon
55%
faire
55%
lo-love
55%
toi
55%
toc
54%
Etre
53%
Oh
53%
Pour
53%
Tac
53%
tac
53%
dépend
51%
entier
51%
sur
51%
Sans
50%
ton
49%
l'eau
47%
loup
47%
risque
47%
Amour
45%
chic
45%
corps
45%
dis-moi
45%
Dis-moi
45%
n'être
45%
hostile
42%
peut-être
42%
fois
41%
qu'une
41%
rien
41%
si
41%
nom
39%
stock
39%
voir
39%
allongée
38%
l'ère
37%
va
36%
baby
34%
d'époque
34%
Dieu
34%
fait
34%
mort
34%
Regarde-moi
34%
fragiles
33%
morose
33%
Destins
32%
love
32%
Love
32%
nuit
32%
m'effraie
30%
boy
28%
compose
28%
défaut
28%
Yo
28%
couche
26%
l'authentique
26%
long
26%
yeux
26%
bateau
25%
ivre
25%
You
25%
Call
24%
now
24%
rougis
24%
l'aube
22%
gaie
21%
joie
21%
vivre
21%
traque
20%
ode
16%
changement
13%
Aucun quiz correspondant
Distribution des résultats
% des personnes avec chaque résultat
Percentile par nombre de réponses
Votre historique - résultats
Vous n’avez pas pris ce quiz depuis la dernière actualisation